CBS Handbook (Record no. 173)

MARC details
000 -LEADER
Fixed length control field 00554nam a2200193Ia 4500
003 - CONTROL NUMBER IDENTIFIER
Control field IIN
005 - DATE AND TIME OF LATEST TRANSACTION
Control field 20240102153915.0
008 - FIXED-LENGTH DATA ELEMENTS--GENERAL INFORMATION
Fixed length control field 231217s9999 xx 000 0 und d
020 ## - INTERNATIONAL STANDARD BOOK NUMBER / ISBN
Price Rs.350.00
International Standard Book Number 9788194869399
040 ## - CATALOGING SOURCE
Original cataloging agency IIN
Language of cataloging English
082 ## - DEWEY DECIMAL CLASSIFICATION NUMBER
Classification number 610.73
Book Number SOO
100 1# - MAIN ENTRY--PERSONAL NAME
Personal name Sood, Babita
245 1# - TITLE STATEMENT
Title CBS Handbook
Sub title on Clinical Examination & History Taking a Nursing Approach
Statement of responsibility Babita Sood
260 ## - IMPRINT
Name of publisher CBS
Place of publication New Delhi
Date of publication 2021
300 ## - PHYSICAL DESCRIPTION
Page / Vol. No lii, 356 p.
650 ## - SUBJECT ADDED ENTRY--TOPICAL TERM
Topical term Medical Surgical
Form subdivision nursing
650 ## - SUBJECT ADDED ENTRY--TOPICAL TERM
Topical term Nursing
Form subdivision Study and teaching
942 ## - ADDED ENTRY ELEMENTS (KOHA)
Koha item type Books
Holdings
Withdrawn status Lost status Source of classification Damaged status Not for loan Collection code Home library Current library Date acquired Price Total Checkouts Call number Accession number Date last seen Price effective from Koha item type
    Dewey Decimal Classification       IDEAL INSTITUTE OF NURSING IDEAL INSTITUTE OF NURSING 17/12/2023 350.00   610.73 SOO 168 17/12/2023 17/12/2023 Books
    Dewey Decimal Classification       IDEAL INSTITUTE OF NURSING IDEAL INSTITUTE OF NURSING 17/12/2023 350.00   610.73 SOO 169 17/12/2023 17/12/2023 Books
    Dewey Decimal Classification       IDEAL INSTITUTE OF NURSING IDEAL INSTITUTE OF NURSING 17/12/2023 350.00   610.73 SOO 170 17/12/2023 17/12/2023 Books
    Dewey Decimal Classification       IDEAL INSTITUTE OF NURSING IDEAL INSTITUTE OF NURSING 17/12/2023 350.00   610.73 SOO 171 17/12/2023 17/12/2023 Books
    Dewey Decimal Classification       IDEAL INSTITUTE OF NURSING IDEAL INSTITUTE OF NURSING 17/12/2023 350.00   610.73 SOO 172 17/12/2023 17/12/2023 Books
            IDEAL INSTITUTE OF NURSING IDEAL INSTITUTE OF NURSING 17/12/2023 425.00   610.73 SOO 1109 17/12/2023 17/12/2023 Books
            IDEAL INSTITUTE OF NURSING IDEAL INSTITUTE OF NURSING 17/12/2023 425.00   610.73 SOO 1110 17/12/2023 17/12/2023 Books
            IDEAL INSTITUTE OF NURSING IDEAL INSTITUTE OF NURSING 17/12/2023 425.00   610.73 SOO 1111 17/12/2023 17/12/2023 Books
            IDEAL INSTITUTE OF NURSING IDEAL INSTITUTE OF NURSING 17/12/2023 425.00   610.73 SOO 1112 17/12/2023 17/12/2023 Books
            IDEAL INSTITUTE OF NURSING IDEAL INSTITUTE OF NURSING 17/12/2023 425.00   610.73 SOO 1113 17/12/2023 17/12/2023 Books
            IDEAL INSTITUTE OF NURSING IDEAL INSTITUTE OF NURSING 17/12/2023 425.00   610.73 SOO 1114 17/12/2023 17/12/2023 Books
            IDEAL INSTITUTE OF NURSING IDEAL INSTITUTE OF NURSING 17/12/2023 425.00   610.73 SOO 1115 17/12/2023 17/12/2023 Books
            IDEAL INSTITUTE OF NURSING IDEAL INSTITUTE OF NURSING 17/12/2023 425.00   610.73 SOO 1116 17/12/2023 17/12/2023 Books
            IDEAL INSTITUTE OF NURSING IDEAL INSTITUTE OF NURSING 17/12/2023 425.00   610.73 SOO 1117 17/12/2023 17/12/2023 Books
            IDEAL INSTITUTE OF NURSING IDEAL INSTITUTE OF NURSING 17/12/2023 425.00   610.73 SOO 1118 17/12/2023 17/12/2023 Books
© Ideal Institute Of Nursing, All rights reserved.         Powered by Koha